№ 5-6; Известия ВУЗов. Электромеханика

Détails bibliographiques
Parent link:Известия ВУЗов. Электромеханика: научно-технический журнал/ Министерство науки, высшей школы и технической политики РФ. № 5-6.— , 1958-.— 0136-3360
Langue:russe
Publié: 1995
Format: MixedMaterials Livre
KOHA link:https://koha.lib.tpu.ru/cgi-bin/koha/opac-detail.pl?biblionumber=427842

MARC

LEADER 00000nam2a2200000 4500
001 427842
005 20231101074730.0
035 |a (RuTPU)RU\TPU\prd\87260 
035 |a RU\TPU\prd\87234 
090 |a 427842 
100 |a 20100930a19589999k y0rusy50 ca 
101 0 |a rus 
102 |a RU 
200 0 |a № 5-6 
210 |d 1995 
461 1 |0 (RuTPU)RU\TPU\prd\195  |x 0136-3360  |t Известия ВУЗов. Электромеханика  |o научно-технический журнал  |f Министерство науки, высшей школы и технической политики РФ  |v № 5-6  |d 1958- 
801 1 |a RU  |b 63413507  |c 20100816 
801 2 |a RU  |b 63413507  |c 20110224  |g RCR 
942 |c BK 
999 |a НТБ_ТПУ  |b НФ  |e -8/20100113  |p П-6307з  |u 0,00  |v 1